000 00337nam a22001457a 4500
008 221028b ||||| |||| 00| 0 eng d
020 _a9780077345532
041 _aeng
080 _2eleventh edition
_a610.73
082 _a610.73 INS
100 _a7
101 _aINF
245 _aCORE CONCEPTS IN HEALTH
_cINSEL P
942 _2udc
_cBK
999 _c58688
_d58688